000 01518cam a2200409 a 4500
001 10139678
003 OSt
005 20150408114220.0
006 m u
007 cr cn|||||||||
008 120724s2012 paua fs 001 0 eng d
010 _z 2001132799
020 _z9781455739776
020 _z9781455739783 (e-book)
035 _a(CaPaEBR)ebr10579591
035 _a(NNC)10139678
040 _aCaPaEBR
_cCaPaEBR
050 1 4 _aQM602
_b.C63 2012eb
082 _a611.018
_bCLN
100 1 _aCochard, Larry R.
_945832
245 1 0 _aNetter's atlas of human embryology
_h[electronic resource] /
_cLarry R. Cochard ; illustrations by Frank H. Netter ; contributing illustrators John A. Craig, Carlos A.G. Machado.
250 _aUpdated ed.
260 _aPhiladelphia :
_bElsevier/Saunders,
_c2012.
300 _axx, 267 p. :
_bcol. ill.
500 _a"Student Consult."
500 _aIncludes index.
533 _aElectronic reproduction.
_bPalo Alto, Calif. :
_cebrary,
_d2011.
_nAvailable via World Wide Web.
_nAccess may be limited to ebrary affiliated libraries.
650 0 _aEmbryology, Human
_vAtlases.
_945833
655 7 _aElectronic books.
_2local
_94135
700 1 _aNetter, Frank H.
_q(Frank Henry),
_d1906-1991.
_916211
700 1 _aCraig, John A.
_945834
700 1 _aMachado, Carlos A. G.
_945835
710 2 _aebrary, Inc.
_94138
856 4 0 _uhttp://www.columbia.edu/cgi-bin/cul/resolve?clio10139678
_zClick here for full text.
942 _2ddc
_cBOOK
999 _c35361
_d269861